000 00353nam a2200133Ia 4500
008 151001s9999||||xx |||||||||||||| ||und||
100 _aB.H liddel Hard
245 _aFouch vol.2
250 _a-
260 _bPenguin Books
260 _c1937
300 _a526
365 _b7
999 _c949631
_d949628